Missing Word: Avengers Actors Quiz Stats

 Plays Quiz Updated May 8, 2012

Support Sporcle.
Go Orange.
Score 0/20 Timer 04:00
3 Plays Today
% Correct
Holmes
98.6%
Iron
92.9%
Lost
88.6%
Born
86.3%
Wild
85.9%
Hurt
82.1%
Bought
81.7%
Count
80.1%
Island
79.7%
Girl
71%
% Correct
Kids
70.9%
Ghost
69.5%
Tropic
69.4%
Weeks
64.3%
Sunshine
61.8%
Kiss Kiss
48.5%
Cristina
40.1%
Coward
34.8%
World
14.1%
North
6.9%

Today's Daily Dose

You're not logged in!

Compare scores with friends on all Sporcle quizzes.
OR
Log In

From the Vault

NBA 3-1 Comebacks

by davidcnelson

'Persistence can change failure into extraordinary achievement.'
Remove Ads.
Support Sporcle.
Get the best of Sporcle when you Go Orange. This ad-free experience offers more features, more stats, and more fun while also helping to support Sporcle. Thank you for becoming a member.

Show Comments

Extras

Top Quizzes Today


Score Distribution

Your Account Isn't Verified!

In order to create a playlist on Sporcle, you need to verify the email address you used during registration. Go to your Sporcle Settings to finish the process.

Report this User

Report this user for behavior that violates our Community Guidelines.

Details: